Представление документа в формате RUSMARC

ПолеНазваниеЗначение
  Тип записи a
  Библиографический уровень m
001 Контрольный номер RU/REG73/CBS_GRAD/d52b810883294f93ba93570e859f9451
005 Дата корректировки 20230322110108.8
010 Индекс ISBN __
a ISBN 5-15-000592-4
100 Данные общей обработки __
a Данные общей обработки 20230322d 0rusy0189## ca
101 Язык документа 0_
a Язык текста rus
102 Страна публикации __
a Страна публикации RU
200 Заглавие и сведения об ответственности 1_
a Заглавие Праздники для детей и взрослых
e Сведения, относящиеся к заглавию В 2-х книгах. Кн. 1
f Первые сведения об ответственности Автор-составитель Н. В. Чудакова
210 Выходные данные 1_
a Место издания Москва
c Издательство АСТ-ЛТД
d Дата издания 1997
215 Физическое описание __
a Объем 528 с.
686 Индексы других классификаций __
a Классификационный индекс 63.5
801 Источник записи _0
a Страна RU
b Организация RuCBSGrad
c Дата составления 20230322
g Правила каталогизации RCR
801 Источник записи _1
a Страна RU
b Организация RuCBSGrad
c Дата составления 20230322
g Правила каталогизации RCR
901 Тип документа __
t Тип документа m